Revitalizácia vybraných interiérových priestorov bývalého obchodného domu Dunaj (Brouk & Babka)

Guardado en:
Detalles Bibliográficos
Autor principal: Froncová, Martina (Autor)
Otros Autores: Morávková, Katarína (Orientador)
Formato: Manuscrito Libro
Lenguaje:eslovaco
Publicado: Bratislava 2023
Materias:
Acceso en línea:http://is.stuba.sk/zp/portal_zp.pl?podrobnosti=170120
Etiquetas: Agregar Etiqueta
Sin Etiquetas, Sea el primero en etiquetar este registro!

MARC

LEADER 00000ntm a22000003a 4500
001 stuzp93988
003 SK-STU
005 20231009110047.6
007 ta
008 150427s2015----xo-----f-mn---000-0-slo-d
040 |a STU  |b slo 
041 0 |a slo 
100 1 |a Froncová, Martina  |u 055150  |4 aut  |U FAD Fakulta architektúry a dizajnu  |T FAD Ústav interiéru a výstavníctva  |X 116747  |U A5150  |Y 396  |7 116747 
242 0 1 |a Revitalization of selected interior spaces of the former Dunaj department store (Brouk & Babka)  |y eng 
245 1 0 |a Revitalizácia vybraných interiérových priestorov bývalého obchodného domu Dunaj (Brouk & Babka) 
260 |c 2023  |a Bratislava 
650 4 |a interiér  |2 slo 
650 4 |a dizajn  |2 slo 
650 4 |a coworking  |2 slo 
650 4 |a revitalizácia  |2 slo 
650 4 |a obchodný dom Dunaj  |2 slo 
650 4 |a coworking  |2 eng 
650 4 |a shoppinghouse Dunaj  |2 eng 
650 4 |a interior  |2 eng 
650 4 |a revitalisation  |2 eng 
650 4 |a design  |2 eng 
700 1 |a Morávková, Katarína  |u 055150  |k Z8  |4 ths  |U FAD Fakulta architektúry a dizajnu  |T FAD Ústav interiéru a výstavníctva  |X 422  |U A5150  |Y 396  |7 A000000422 
856 4 |u http://is.stuba.sk/zp/portal_zp.pl?podrobnosti=170120  |u https://opac.crzp.sk/?fn=detailBiblioForm&sid=1755732D0F093F437BA631EAC795